[Event "EU-ch Cities&Town (Women) op"]
[Site "Tornelo INT"]
[Date "2023.01.29"]
[Round "?"]
[White "Zarkada, Athina"]
[Black "Ndreko, Ailin"]
[Result "1-0"]
[WhiteElo "1219"]
[BlackElo "1256"]
[PlyCount "73"]
[EventDate "2023.01.29"]
[EventType "team-swiss"]
[EventRounds "9"]
[EventCountry "NET"]
[SourceTitle "CBM 212 Extra"]
[Source "ChessBase"]
[SourceDate "2023.03.31"]
[SourceVersion "1"]
[SourceVersionDate "2023.03.31"]
[SourceQuality "1"]
[WhiteTeam "Athens Kallithea"]
[BlackTeam "Durres Teuta"]
[WhiteTeamCountry "GRE"]
[BlackTeamCountry "ALB"]

1. e4 e5 2. Nf3 Nc6 3. Bb5 Bc5 4. c3 f5 5. exf5 Nf6 6. 0-0 0-0 7. d4 exd4 8. Nxd4 Bxd4 9. cxd4 d5 10. Qf3 Nxd4 11. Qd3 Nxb5 12. Qxb5 c6 13. Qd3 Ne4 14. Nd2 Bxf5 15. Nxe4 Bxe4 16. Qg3 Qf6 17. f3 Bg6 18. Qf2 Rfe8 19. Be3 Re6 20. Bd4 Qg5 21. Rfe1 Rae8 22. Rxe6 Rxe6 23. Re1 Rxe1+ 24. Qxe1 b6 25. Qe6+ Kf8 26. Qxc6 Qd2 27. Qd6+ Ke8 28. Qe6+ Kf8 29. Qd6+ Ke8 30. Qe5+ Kf8 31. Qxg7+ Ke8 32. Qe5+ Kf8 33. Qb8+ Be8 34. Qd6+ Kg8 35. Qe6+ Bf7 36. Qc8+ Be8 37. Qxe8# 1-0

[Event "GRE-chT 48th"]
[Site "Athens"]
[Date "2021.09.08"]
[Round "2.4"]
[White "Zarkada, Athina"]
[Black "Terbe, Julianna"]
[Result "0-1"]
[WhiteElo "1149"]
[BlackElo "2304"]
[PlyCount "132"]
[EventDate "2021.09.07"]
[EventType "team-swiss"]
[EventRounds "7"]
[EventCountry "GRE"]
[SourceTitle "CBM 204 Extra"]
[Source "ChessBase"]
[SourceDate "2021.11.30"]
[SourceVersion "1"]
[SourceVersionDate "2021.11.30"]
[SourceQuality "1"]
[WhiteTeam "Kallytheas"]
[BlackTeam "OFI"]
[WhiteTeamCountry "GRE"]
[BlackTeamCountry "GRE"]

1. e4 e5 2. Nf3 Nc6 3. Bb5 a6 4. Ba4 Nf6 5. 0-0 Be7 6. Re1 b5 7. Bb3 d6 8. h3 Na5 9. d3 0-0 10. Nbd2 Nxb3 11. axb3 c5 12. c3 Re8 13. Nf1 h6 14. Ng3 Bf8 15. Nd2 Bb7 16. f3 d5 17. Kh1 Qc7 18. Qc2 Rad8 19. c4 d4 20. Ndf1 Nh7 21. Ne2 Bd6 22. Nfg3 Bc8 23. Rf1 Ng5 24. f4 exf4 25. Bxf4 Bxf4 26. Nxf4 Ne6 27. Nge2 Nxf4 28. Nxf4 Re5 29. Nd5 Qd6 30. cxb5 axb5 31. Ra7 Be6 32. Nf4 Rd7 33. Ra8+ Kh7 34. Nxe6 Qxe6 35. Rc8 Qd6 36. Rc1 Rc7 37. Rxc7 Qxc7 38. b4 c4 39. dxc4 bxc4 40. Qxc4 Qd6 41. Qxf7 Qxb4 42. Qf4 Rg5 43. h4 Rh5 44. Qg4 Qd2 45. Rd1 Rxh4+ 46. Qxh4 Qxd1+ 47. Kh2 d3 48. Qf4 Qc2 49. Qf5+ Kg8 50. e5 Qc7 51. Qxd3 Qxe5+ 52. Kh3 Qxb2 53. Qd5+ Kh8 54. Qd8+ Kh7 55. Qd3+ g6 56. Qd7+ Qg7 57. Qxg7+ Kxg7 58. Kg4 Kf6 59. Kf4 h5 60. g3 g5+ 61. Kf3 Kf7 62. Kg2 Ke6 63. Kf2 Kd5 64. Kf3 Kd4 65. g4 h4 66. Kf2 Ke5 0-1